Instituciones de derecho civil
Gardado en:
| Autor Principal: | |
|---|---|
| Formato: | Libro |
| Idioma: | Lingua castelá |
| Publicado: |
Barcelona
Bosch
1955
|
| Subjects: | |
| Tags: |
Engadir etiqueta
Sen Etiquetas, Sexa o primeiro en etiquetar este rexistro!
|
MARC
| LEADER | 00000nam a2200000 a 4500 | ||
|---|---|---|---|
| 001 | UCS1726 | ||
| 003 | CL-VaPUC | ||
| 008 | 970515e19550000SP |||||||||||||||||spa|d | ||
| 082 | 0 | 4 | |a 346.013 |b BAR |2 21 |
| 100 | 0 | |a Barassi, Lodovico |e author |9 386456 | |
| 245 | 1 | 0 | |a Instituciones de derecho civil |
| 300 | |a 2 v | ||
| 942 | |c BK | ||
| 945 | |d 19970515 00:00:00 |a paguirre | ||
| 260 | |a Barcelona |b Bosch |c 1955 | ||
| 650 | 0 | |a Derecho civil |9 255013 | |
| 650 | 0 | |a Normas jurídicas |9 258310 | |
| 650 | 7 | |a PERSONA |2 CL-VaPUC |9 327934 | |
| 650 | 0 | |a Personas jurídicas |9 257259 | |
| 650 | 0 | |a Bienes |9 255749 | |
| 650 | 0 | |a Derecho de familia |9 255603 | |
| 650 | 7 | |a MATRIMONIO |2 CL-VaPUC |9 386457 | |
| 650 | 0 | |a Patrimonio |9 257770 | |
| 650 | 0 | |a Obligaciones |9 255578 | |
| 650 | 0 | |a Contratos |9 255153 | |
| 650 | 0 | |a Derecho sucesorio |9 255015 | |
| 651 | 0 | |a Italia |9 254949 | |
| 583 | |a last modification |c 19970515 00:00:00 |k Rodrigo Vera | ||
| 999 | |c 259758 |d 259756 | ||
| 952 | |0 0 |1 0 |4 0 |6 346_013000000000000_BAR_1955 |7 0 |8 P |9 285068 |a BIBDER |b BIBDER |d 2019-11-19 |h v.1 |i 1850253 |o 346.013 BAR 1955 |p 1850253 |r 2023-01-25 |w 2019-11-19 |y BK |k DER | ||
| 952 | |0 0 |1 0 |4 0 |6 346_013000000000000_BAR_1955 |7 0 |8 P |9 285070 |a BIBDER |b BIBDER |d 2019-11-19 |h v.2 |i 185027K |o 346.013 BAR 1955 |p 185027K |r 2023-01-25 |w 2019-11-19 |y BK |k DER | ||